[Event "Czerniak Memorial 13th"]
[Site "Tel Aviv"]
[Date "1997.??.??"]
[Round "1"]
[White "Rotstein, Arkadij"]
[Black "Kogan, Artur"]
[Result "0-1"]
[WhiteElo "2455"]
[BlackElo "2515"]
[Annotator "Hecht,H"]
[PlyCount "138"]
[EventDate "1997.04.04"]
[EventType "tourn"]
[EventRounds "11"]
[EventCountry "ISR"]
[EventCategory "10"]
[SourceTitle "CBM 059"]
[Source "ChessBase"]
[SourceDate "1997.08.01"]
[SourceVersion "1"]
[SourceVersionDate "1997.08.01"]
[SourceQuality "1"]

1. Nf3 c5 2. g3 b6 3. Bg2 Bb7 4. O-O g6 5. Nc3 Bg7 6. Re1 d5 7. d4 Nf6 8. dxc5
bxc5 9. e4 O-O 10. exd5 Nxd5 11. Ng5 e6 12. Na4 Qc8 13. Ne4 c4 14. Nd6 Qc6 15.
Nxb7 Qxb7 16. Nc3 Bxc3 17. bxc3 Nc6 18. Bxd5 Rfd8 19. Bxc6 Rxd1 20. Bxb7 Rxe1+
21. Kg2 Rd8 22. Bg5 Rxa1 23. Bxd8 Rxa2 {Hinhaltender Widerstand von 2 Läufern
gegen Turm und Freibauern} 24. Kf3 (24. Bf6 a5 25. Ba6 a4 26. Bxc4 Rxc2 27. Bd3
Rd2 28. Bb5 a3 {und es ist egal, welch Läufer sich opfert. die Stellung ist
mit der minusqualität jeweils verloren.}) 24... a5 25. Ba6 Rxc2 26. Bb5 Rxc3+
27. Ke2 Rc2+ 28. Ke3 Rc3+ 29. Ke2 Rb3 30. Bxc4 Rb2+ 31. Ke3 a4 32. Bf6 Rc2 33.
Bd3 Rc1 34. Bb2 Rc5 {[%cal Re6e5,Rf7f5]} 35. f4 g5 36. fxg5 Rxg5 37. Bc2 Rb5
38. Bc1 Ra5 39. Ba3 f5 40. Kd4 Kf7 41. Kc4 Re5 42. Bxa4 Re4+ 43. Kb5 Re2 44. h4
Re3 45. Bd6 e5 {[%cal Rf7f6,Re3g3]} 46. Bc7 Ke6 47. Kb4 Rxg3 48. Bb3+ Kf6 49.
Bd8+ Kg6 50. Be6 Rd3 51. Be7 f4 52. Kc4 Rd4+ 53. Kc3 f3 54. Bc5 Rd8 (54... f2
55. Bh3 Rxh4 56. Bf1 {[%csl Rf2][%cal Rf1d3,Rc5f2]}) 55. Bg4 e4 56. Bf2 Rd3+
57. Kc2 Kf6 58. Bg3 Ra3 59. Be1 f2 60. Bxf2 Ra2+ 61. Kc3 Rxf2 62. Kd4 Rf4 63.
Bd7 Rxh4 64. Bc8 h6 65. Bd7 h5 66. Bc8 Kg5 67. Ke3 Rf4 68. Bd7 h4 69. Kd4 Rg4
0-1

[Event "RUS Cup final 5th"]
[Site "Kazan"]
[Date "2001.10.05"]
[Round "4"]
[White "Loginov, Valery A"]
[Black "Filippov, Valerij"]
[Result "1/2-1/2"]
[WhiteElo "2507"]
[BlackElo "2617"]
[Annotator "Hecht,H"]
[PlyCount "70"]
[EventDate "2001.10.02"]
[EventType "tourn"]
[EventRounds "11"]
[EventCountry "RUS"]
[EventCategory "12"]
[SourceTitle "CBM 086"]
[Source "ChessBase"]
[SourceDate "2002.02.05"]
[SourceVersion "1"]
[SourceVersionDate "2002.02.05"]
[SourceQuality "1"]

1. Nf3 c5 2. g3 Nc6 3. d4 cxd4 4. Nxd4 g6 5. Bg2 Bg7 6. Nb3 d6 7. O-O Be6 8.
Nc3 Bxc3 9. bxc3 Qd7 10. Nd4 Bh3 11. Bxh3 Qxh3 12. Nxc6 bxc6 13. Qd4 Nf6 14. f3
O-O 15. Bg5 c5 16. Qd3 Qe6 17. Bxf6 Qxf6 18. Rab1 Rab8 19. Rb3 Rb6 20. Rfb1
Rfb8 21. a4 Qe6 22. Rxb6 Rxb6 23. Rxb6 axb6 24. c4 h5 25. Kg2 Kg7 26. Qc3+ f6
27. Qd3 g5 28. Kf2 h4 29. gxh4 gxh4 30. Qe3 Qxe3+ 31. Kxe3 {[#] Schlechte
weiße Bauernstruktur} f5 32. Kf4 Kf6 33. e4 e6 (33... e5+ 34. Ke3 Kg5 35. exf5
Kxf5 36. h3 Kg6 37. Ke4 Kg5 38. Ke3 Kf5 39. Kf2 Kf4 40. c3 Kg5 41. Ke3 Kf5 42.
Ke2 Kf4 43. Kf2 e4 44. fxe4 Kxe4 45. Ke2 $11) 34. exf5 exf5 35. h3 Kg6 1/2-1/2

[Event "Itau Mercosul Cup 3rd"]
[Site "Sao Paulo"]
[Date "1999.??.??"]
[Round "5"]
[White "Segal, Alexandru Sorin"]
[Black "Dumont, Sadi Glasser"]
[Result "1/2-1/2"]
[WhiteElo "2330"]
[BlackElo "2370"]
[Annotator "Hindemburg,Melao"]
[PlyCount "23"]
[EventDate "1999.10.??"]
[EventType "swiss"]
[EventRounds "9"]
[EventCountry "BRA"]
[SourceTitle "EXT 2000"]
[Source "ChessBase"]
[SourceDate "1999.11.16"]
[SourceVersion "1"]
[SourceVersionDate "1999.11.16"]
[SourceQuality "1"]

1. b3 c5 2. Bb2 Nc6 3. Nf3 d6 4. d4 cxd4 5. Nxd4 Nf6 (5... e5 6. Nxc6 $1 bxc6
7. g3 Nf6 8. Bg2 Qc7 9. c4 Be7 10. Nc3 O-O 11. O-O $14 {Kortschnoj-Miniböck/
Wien/1986}) (5... d5 $5 {Garcia Palermo,C-Salazar,H/Santiago de Chile 1980}) (
5... e6 {1-0 Keene,R-Knox,V/BCF-ch 1973}) 6. c4 (6. g3 Nxd4 7. Bxd4 Bd7 8. Bg2
Bc6 9. O-O Bxg2 10. Kxg2 e6 11. c4 d5 12. Nd2 Be7 13. cxd5 Qxd5+ 14. Nf3 O-O
15. Bb2 Rfd8 16. Rc1 Rac8 17. Qxd5 Nxd5 18. a3 a6 19. e4 Nf6 20. e5 Nd5 21.
Rfd1 {1/2-1/2 Ribli,Z-Csom,I/Kecskemet 1972}) (6. e3 g6 7. Be2 Bg7 8. O-O O-O
9. c4 Bd7 10. Nc3 a6 11. Qd2 Rb8 12. a3 Nxd4 13. Qxd4 Bc6 14. Na2 {
Vukic-Velimirovic/YU-ch/1975}) 6... e5 7. Nf3 (7. Nxc6 $5 bxc6 8. g3 Be6 9. Bg2
Rc8 10. O-O Be7 11. Qc2 Qc7 12. Nd2 O-O 13. Rac1 Nd7 14. f4 f6 15. Kh1 a5 16.
Ba3 Rfd8 17. Rfd1 exf4 18. gxf4 Nb6 19. Be4 d5 20. Bxh7+ Kh8 21. Bxe7 Qxe7 22.
c5 Nd7 {1-0 Wolski,T-Donaldson,J/Honolulu 1996}) 7... e4 8. Nd4 d5 9. e3 Bb4+
10. Bc3 Be7 11. Nxc6 bxc6 12. Be2 1/2-1/2

[Event "NED-ch47"]
[Site "Eindhoven"]
[Date "1992.03.20"]
[Round "4"]
[White "Piket, Jeroen"]
[Black "Van Mil, Johan"]
[Result "1-0"]
[WhiteElo "2615"]
[BlackElo "2445"]
[Annotator "Horn,Pe"]
[PlyCount "87"]
[EventDate "1992.03.17"]
[EventType "tourn"]
[EventRounds "11"]
[EventCountry "NED"]
[EventCategory "10"]
[SourceTitle "CBM 030"]
[Source "ChessBase"]
[SourceDate "1992.10.01"]
[SourceVersion "1"]
[SourceVersionDate "1992.10.01"]
[SourceQuality "1"]

1. Nf3 f5 2. e4 fxe4 3. Ng5 d5 $1 (3... Nf6 $5 4. d3 e5 (4... exd3 $6 5. Bxd3
g6 6. Nxh7 $1 Rxh7 (6... Nxh7 7. Bxg6#) 7. Bxg6+ Rf7 8. g4 $1 d5 9. g5 Ne4 10.
Qh5 Nd6 11. Bxf7+ Nxf7 12. g6 $18) (4... e3 5. Bxe3 e5 6. d4 $1 Nc6 (6... exd4
7. Bxd4 Nc6 8. Bc4 Bb4+ $1 (8... Nxd4 $2 9. Bf7+ $1) (8... d5 $6 9. Bxf6 Qxf6
10. Qxd5 Ne5 11. Ne4 Qf4 12. Nbd2 $16 {Botvinnik}) 9. Nc3 d5 10. Qe2+ Qe7 11.
Bb5 Qxe2+ 12. Kxe2 O-O 13. Bxf6 Rxf6 14. Nxd5 Nd4+ 15. Kf1 Nxb5 16. Nxb4 Rf5
$13 {Lechtinsky-Knaak,R/Tallinn/1979/}) 7. d5 Ne7 8. Nc3 d6 9. Bc4 Bf5 10. f3
Ng6 11. Qd2 $16 {Romanishin}) (4... d5 5. dxe4 h6 6. Nf3 dxe4 7. Qxd8+ Kxd8 8.
Ne5 Be6 9. Nc3 Nbd7 10. Bf4 (10. Nxd7 Kxd7 11. Bf4 c6 12. O-O-O+ $14 {
Chystiakov-Kortschnoj/Leningrad-chq/1951/}) 10... c6 11. O-O-O Ke8 12. Nxd7
Bxd7 13. Bc4 Bf5 14. h3 g5 15. Be5 Bg7 16. g4 Bg6 17. Rhe1 Rd8 18. Rxd8+ Kxd8
19. Rd1+ Ke8 20. Bc7 Kf8 21. Rd8+ Ne8 22. Be6 Bf6 23. Bb8 a6 24. Na4 h5 25.
gxh5 Bxh5 26. Nc5 $16 {Sergievsky-Chistiakov/Riga/1964/}) 5. dxe4 Bc5 6. Bc4
Qe7 7. Bf7+ $1 Kf8 8. Bb3 h6 9. Nf3 d6 $1 (9... Nxe4 10. Qe2 $16) 10. Nc3 (10.
Nh4 $2 Bxf2+ $1 $17) 10... g6 11. Qe2 Kg7 12. Be3 $14 {Botvinnik}) (3... e5 $5
4. d3 e3 5. Bxe3 Nc6 $1 6. c4 $1 Nf6 7. Nc3 Be7 8. Be2 O-O 9. O-O d6 10. f4 $14
{Botvinnik} (10. d4 $14 {Botvinnik})) 4. d3 Qd6 {Laut Euwe^1 Eine Anregung von
Diemer, die später von Kavalek^2 bestärkt wurde. ^1 Euwe:Indische
Spezialitäten.1965.S.176. ^2 Modern Chess Theory 1979.p.lxxxv.} 5. Nc3 $5 (5.
dxe4 h6 {Kavalek:Black has a clear advantage.} 6. Qh5+ g6 7. Qh4 c6 $1 (7...
Bg7 8. Nf3 Bf6 9. e5 $1 Bxe5 10. Bd3 $14 {Analyse Euwe:Indische Spezialitäten.
1965.S.176.}) (7... Nf6 $5 8. Nc3 Bg7 9. Nf3 g5 $1 10. Qg3 dxe4 11. Nd2 Bf5 12.
Nb5 Qxg3 13. hxg3 Na6 14. Nd4 Bd7 {Fayard,A-Santo Roman,M/FRA-ch/1991/0-1/42/
-> CBM-VC [Horn]} 15. Bc4 $13) 8. Bd3 Bg7 9. Nf3 g5 10. Qh5+ Kf8 $10 {Lautier,
J-Bareev,E/Biel/1991/1/2-1/2/48/ CBM-VC [Horn] [Kortschnoj]}) 5... h6 (5... c6
$2 6. dxe4 h6 7. Nf3 dxe4 8. Nxe4 Qxd1+ 9. Kxd1 $16 {Z.Nikolic-Zivanovic,
Jugoslawien 1989}) (5... Nf6 $5 6. dxe4 h6 7. Nb5 Qd8 8. e5 hxg5 9. exf6 exf6
10. Qxd5 Qe7+ 11. Be3 c6 12. Qc4 Rh4 13. Qc3 Na6 14. Bd3 Qf7 $13 {
Frolov-Piskov, URS 1987}) 6. Nb5 {/\Qh5 (><g6)} Qc6 (6... Qb6 7. Qh5+ g6 8.
Nxc7+ Kd7 (8... Qxc7 9. Qxg6+ Kd7 10. Nf7 $18) 9. Nxa8 Qc6 (9... Qa5+ 10. Bd2
gxh5 (10... Qxd2+ 11. Kxd2 gxh5 12. Nf7) 11. Bxa5 hxg5 12. Nc7 b6 13. Bc3 $18)
10. Qh4 $18) (6... Qb4+ 7. Bd2 Qxb5 8. Qh5+ Kd7 (8... Kd8 9. Nf7+) 9. Qg4+ Kd8
10. Nf7+ Ke8 11. Qg6 $18) 7. dxe4 (7. Qh5+ g6 8. Nxc7+ Kd7 $19) (7. Nxc7+ Qxc7
8. Qh5+ Kd7 9. Nf7 Nf6 $17) 7... hxg5 8. exd5 Qd7 9. Bxg5 a6 10. Nc3 e5 (10...
e6 11. Bc4) 11. Bd3 Be7 (11... Qf7 $5 $13) 12. Qf3 Nf6 (12... Bxg5 $2 13. Bg6+
Ke7 14. Qf7+ $18) 13. Bg6+ Kd8 (13... Kf8 14. h3 Qd8 15. O-O-O $146) 14. h3 (
14. O-O-O Qg4 $17) 14... Ne8 15. Bxe7+ Qxe7 16. Bxe8 $1 (16. O-O-O Nd6 $17)
16... Kxe8 17. O-O-O Qg5+ (17... Qf7 18. Qe2 Nd7 19. Ne4 $146) 18. Kb1 Bf5 19.
g4 Bg6 20. d6 c6 21. h4 Qf6 (21... Rxh4 22. Nd5 (22. Rxh4 Qxh4 23. Rh1 Qf6 24.
Rh8+ Kd7 25. Qe3 Qxd6 26. Qb6 {Piket} (26. Rg8 {Piket} Bf7 27. Rxg7 (27. Qb6
Bxg8 28. Qxb7+ Qc7 29. Qxa8 Kc8 $19) 27... Ke8 $17) 26... Qd2 (26... Qc7 27.
Na4 a5 28. Nc5+ Kd6 29. Nxb7+ Kd7 30. Rd8+ $18) 27. Qxb7+ Ke6 28. a3 (28. Qc8+
Nd7 29. Qxc6+ Ke7 (29... Kf7 30. Qc4+ Kf6 31. Nd5+ Kg5) 30. Nd5+ Qxd5 31. Qxd5
Rxh8 32. b3 $16) 28... Qxc2+ 29. Ka2 (29. Ka1 Qc1+ 30. Ka2 Bf7) 29... Bf7 30.
Qxa8 Kf6+ 31. Ka1 Qc1+ 32. Nb1 Bg6 33. Rf8+ Kg5 34. Rf5+ Kxg4) 22... cxd5 23.
Qxd5 Nd7 (23... Rxh1 24. Qe6+ Kd8 25. Rxh1 $18) 24. f4 $1 Qxg4 (24... Rxh1 25.
Qe6+ Kd8 26. Rxh1 Qf6 27. Rh8+ Nf8 28. Qxf6+ gxf6 29. Rxf8+ Be8 30. fxe5 fxe5
31. g5 $16) 25. Rxh4 Qxh4 26. Qg8+ Nf8 27. d7+ Ke7 28. Qxg7+ Bf7 (28... Ke6 29.
Qxe5+ Kf7 30. f5) 29. Qxe5+ $16 {Piket} Ne6 (29... Kd8 $2 30. Qa5+ $18) 30. f5
Rd8 (30... Qf6 31. Qxf6+ (31. Qd6+ Kd8 32. fxe6 $18) 31... Kxf6 32. fxe6 $18) (
30... Qg5 31. Qd6+ Kd8 32. fxe6 $18) 31. fxe6 Bxe6 32. Qd6+ Kf7 33. Rf1+ $18)
22. Qe3 (22. Qxf6 gxf6 23. f4 $5 {Piket}) 22... Nd7 23. h5 Bf7 24. Rhe1 $6 (24.
b3 $1 Be6 (24... Qf4 25. Qxf4 exf4 26. Rhe1+ Kf8 27. Re7 Rd8 28. Rd4) (24...
Kf8 25. g5 $146) 25. g5 Qf5 26. Rh4 $1 {Piket}) 24... Be6 25. Ne4 $6 (25. f3) (
25. f4 Bxg4 26. fxe5 Qe6 (26... Qh6 27. Qg3 Bxd1 28. e6) 27. Rd4 $13 {Piket})
25... Qh6 26. g5 $2 (26. Qg3) 26... Qxh5 27. Nc5 Qh3 $1 $17 (27... Qf7 28. Nxd7
$1 $16) 28. f3 Kf8 $1 (28... Kf7 29. g6+) 29. b3 Re8 30. Nxb7 Qf5 31. Rd2 Rh3
32. Rf2 Qf4 $2 (32... g6) (32... Kg8 $17) 33. Qc3 $2 (33. Qxf4+ exf4 34. Rfe2
$16 Bf7 35. Rxe8+ Bxe8 36. Nd8 Bh5 (36... Bf7 37. Nxf7 Kxf7 38. Re7+ Kf8 39.
Rxd7 Rxf3 40. g6 $18) (36... Bg6 37. Ne6+ Kf7 (37... Kg8 38. Nxf4 $18) 38. Nxf4
Rxf3 39. Re7+ Kg8 40. Nxg6 $18) 37. Ne6+ Kg8 38. Nxf4 Rh4 39. Nxh5 Rxh5 40. Re7
Nf8 41. d7 Nxd7 42. Rxd7 Rxg5 43. Rd6 $16) 33... Qd4 $2 34. Qxd4 exd4 35. Rfe2
Bf7 (35... Kf7 $2 36. Rxe6 Rxe6 37. Nd8+ $18) 36. Rxe8+ Bxe8 37. Nd8 $1 $18 Nc5
$2 38. b4 Na4 39. Ne6+ Kg8 40. Nf4 Nc3+ 41. Kb2 Bd7 42. Nxh3 Bxh3 43. g6 Kf8
44. Rh1 1-0

[Event "Belgrade IKO"]
[Site "Belgrade"]
[Date "1992.??.??"]
[Round "8"]
[White "Nikolic, Zivoslav"]
[Black "Karpman, Vadim"]
[Result "1-0"]
[WhiteElo "2475"]
[BlackElo "2435"]
[Annotator "Horn,Pe"]
[PlyCount "45"]
[EventDate "1992.07.??"]
[EventType "tourn"]
[EventRounds "13"]
[EventCountry "YUG"]
[EventCategory "10"]
[SourceTitle "CBM 031"]
[Source "ChessBase"]
[SourceDate "1992.12.01"]
[SourceVersion "1"]
[SourceVersionDate "1992.12.01"]
[SourceQuality "1"]

1. e4 c5 2. Nf3 d6 3. d3 Nc6 4. g3 g6 5. Bg2 Bg7 6. O-O e5 7. Nh4 (7. Nbd2) (7.
c3) (7. a3) 7... Bf6 (7... Nge7 8. f4) (7... Be6 $5) 8. Nc3 Bxh4 9. gxh4 Qxh4
10. Nd5 Kf8 (10... Qd8 11. f4 $44) 11. f4 Bg4 12. Qd2 Kg7 13. Ne3 h5 $2 (13...
Bh5 $13) (13... Nd4 14. Nxg4 Qxg4 15. Kh1 (15. c3 Ne2+ 16. Kh1 Nxc1 17. Raxc1
$13) 15... Qe2 $13) 14. c3 Bh3 $2 (14... Nh6) 15. Rf3 Bxg2 $2 16. Qxg2 {/\ Nf5}
Nh6 17. f5 Kh7 18. fxg6+ fxg6 19. Nd5 $18 Ng4 (19... Qd8 20. Bg5 Qc8 21. Nf6+
Kg7 22. Nxh5+ gxh5 23. Bxh6+ Kxh6 24. Rf6+ Kh7 25. Qg6#) (19... Raf8 20. Bg5
Qg4 21. Nf6+ Rxf6 22. Rxf6 $18) 20. Bd2 Raf8 21. Raf1 Rxf3 22. Rxf3 Nh6 23. Bg5
(23. Bg5 Qg4 24. Nf6+ $18) 1-0

[Event "Rubinstein Memorial"]
[Site "Polanica Zdroj"]
[Date "1991.??.??"]
[Round "9"]
[White "Lau, Ralf"]
[Black "Schmittdiel, Eckhard"]
[Result "1-0"]
[WhiteElo "2500"]
[BlackElo "2490"]
[Annotator "Horn,Pe"]
[PlyCount "89"]
[EventDate "1991.09.??"]
[EventType "tourn"]
[EventRounds "11"]
[EventCountry "POL"]
[EventCategory "11"]
[SourceTitle "CBM 026"]
[Source "ChessBase"]
[SourceDate "1992.02.01"]
[SourceVersion "1"]
[SourceVersionDate "1992.02.01"]
[SourceQuality "1"]

1. e4 e6 2. d3 c5 3. Nf3 Nc6 4. g3 g6 5. Bg2 Bg7 6. O-O Nge7 7. Re1 d6 8. c3 e5
9. a3 a5 $6 (9... O-O 10. b4) 10. a4 O-O 11. Na3 h6 12. Nc4 {N} (12. Nb5 Kh7 $6
13. d4 $14 {Gudmundsson-Winsnes, Reykjavik op 1990}) 12... Be6 13. Bd2 f5 14.
exf5 gxf5 15. Qb3 Bf7 (15... Qc7 {/\ d5} 16. Qb6 (16. Qb5 d5) 16... Qxb6 17.
Nxb6 Ra6 18. Nc4 $14) (15... Bd5 $5 16. Qb5 (16. Nh4 Bxg2 17. Kxg2 d5 $13)
16... Ra6) 16. Qb5 (16. Qxb7 $4 Rb8 17. Qa6 d5 18. Ncxe5 Rb6 $19) 16... Ra6 (
16... Qc7 $5) 17. Nh4 (17. Qxb7 $4 Bxc4 18. dxc4 Rb6 $19) 17... Qc7 18. Bxc6 $1
Rxc6 19. Qxa5 b6 20. Qb5 Be8 (20... d5 21. Ne3) 21. a5 bxa5 22. Qxa5 Qd7 23. f4
e4 24. dxe4 Bf7 25. Qa4 fxe4 26. Rxe4 (26. Na5 Rc7 27. Qxd7 Rxd7 28. Rxe4 Ra8
29. Rea4) 26... Bf6 (26... d5 27. Rxe7 Qxe7 28. Qxc6 dxc4 29. Re1 $18) (26...
Bxc4 27. Rxc4 d5 $2 28. Rxc5) 27. Nf3 Qc8 (27... d5 28. Nce5 $18) 28. Rae1 Nf5
(28... d5 29. Nce5 dxe4 30. Nxc6 $18) (28... Bxc4 29. Rxe7 Bxe7 30. Qxc4+ Kh8
31. Rxe7 $18) 29. Ne3 Ra6 (29... d5 $5 30. Nxf5 dxe4 31. Ne5 Qxf5 (31... Bxe5
$4 32. Ne7+ $18) (31... Ra6 32. Qxe4) 32. Qxc6 Bxe5 33. fxe5 Qxe5 34. Qxh6 $18)
30. Qb5 Ra8 31. Nxf5 Qxf5 32. Bc1 Ra1 (32... Bd5 33. R4e3) 33. Qe2 d5 34. Re3
d4 35. cxd4 cxd4 36. Re4 Qc5 37. Bd2 Ra2 38. Ne5 Bxe5 39. Rxe5 Qb6 40. Qg4+ Qg6
41. Qxg6+ Bxg6 42. Bb4 Rb8 43. Ba3 Bc2 44. Rd5 d3 45. Rd7 1-0

[Event "Moscow Aeroflot op"]
[Site "Moscow"]
[Date "2002.02.07"]
[Round "4"]
[White "Bologan, Viktor"]
[Black "Firman, Nazar"]
[Result "1-0"]
[WhiteElo "2651"]
[BlackElo "2485"]
[Annotator "Horn,Pe"]
[PlyCount "53"]
[EventDate "2002.02.04"]
[EventType "swiss"]
[EventRounds "9"]
[EventCountry "RUS"]
[SourceTitle "CBM 088"]
[Source "ChessBase"]
[SourceDate "2002.03.21"]
[SourceVersion "1"]
[SourceVersionDate "2002.03.21"]
[SourceQuality "1"]

1. e4 e6 2. d3 c5 3. Nf3 Nc6 4. c3 Nge7 5. g3 g6 6. Bg2 Bg7 7. O-O O-O 8. Re1
e5 9. a3 a5 10. a4 d6 11. Na3 h6 ({Die (gespielte) Alternative ist} 11... d5)
12. Nd2 ({Häufiger wurde hier} 12. Nb5 {gespielt.}) 12... Be6 13. Nb5 (13. Nac4
Rb8 14. Qb3 b6 15. Nf1 d5 16. exd5 Bxd5 17. Qd1 Bxg2 18. Kxg2 g5 $132 {
Vasiukov,E-Platonov,I/Moscow 1969/URS-ch}) (13. Ndc4 d5 (13... Nc8 14. Nb5 N6a7
15. Nba3 Nc6 16. b3 Qd7 $13 {Belotti,B-Jansa,V/Montecatini Terme 1998}) 14.
exd5 Bxd5 15. Bxd5 Nxd5 16. Nb5 Re8 17. Qb3 Re6 18. Bd2 Qd7 $13 {Tringov,
G-Bojkovic,S/Novi Sad 1986 mit Chancen für beide Seiten: Schwarz hat statische
Schwächen auf dem Damenflügel; dafür besitzt er die Option auf Spiel gegen den
Pd3 und vielleicht auch einmal gegen den Kg1.}) 13... d5 14. exd5 Nxd5 15. Nc4
Ra6 $146 {Gefällt mir nicht.} ({Natürlicher sieht} 15... Rb8 {aus, z.B.} 16.
Qc2 {Ich glaube nicht, daß Bologan so gespielt hätte.} Qd7 17. Bd2 Rfd8 18.
Rad1 Bg4 19. Ra1 Bh3 $132 {Casper,T-Lau,R/Germany 1992/GER-chT}) (15... Re8 16.
Nbd6 Re7 17. Qb3 Rb8 18. Qb5 Rc7 19. Ne4 b6 {1/2-1/2 Nevednichy,V-Ortega,L/
Saint Vincent 2000}) 16. Qe2 Re8 17. Be3 Bf8 18. Bd2 f6 19. f4 Bf7 (19... exf4
$2 20. Bxd5 $18) (19... Nb6 20. Nxb6 Rxb6 21. fxe5 Nxe5 (21... fxe5 $2 22. Be4
$16) 22. d4 $36) 20. Qf2 Qd7 (20... exf4 21. Bxf4 Rxe1+ 22. Rxe1 Nxf4 23. Qxf4
Qxd3 24. Ncd6 $44) 21. Rad1 Nb6 $2 (21... exf4 22. Bxf4 Rxe1+ 23. Rxe1 Nxf4 24.
Qxf4 Qxd3 25. Ncd6) 22. Nxb6 Rxb6 23. Be3 Bb3 24. Bxc5 Bxd1 (24... Bxc5 25.
Qxc5 Bxd1 (25... Ra6 26. Ra1 $16) 26. Qxb6 Bxa4 27. Nc7 $16) 25. Bxb6 Bxa4 26.
Nc7 Re7 $2 (26... Rb8 27. b4 $1 $16) 27. Nd5 (27. Nd5 Re6 28. fxe5 fxe5 29.
Nf6+ Rxf6 30. Qxf6 $18 {ist trostlos.}) 1-0

[Event "Prague Chip"]
[Site "Prague"]
[Date "1992.??.??"]
[Round "4"]
[White "Vokac, Marek"]
[Black "Razuvaev, Yuri S"]
[Result "0-1"]
[WhiteElo "2450"]
[BlackElo "2575"]
[Annotator "Horn,Pe"]
[PlyCount "92"]
[EventDate "1992.01.??"]
[EventType "tourn"]
[EventRounds "13"]
[EventCountry "CZE"]
[EventCategory "11"]
[SourceTitle "CBM 027"]
[Source "ChessBase"]
[SourceDate "1992.04.01"]
[SourceVersion "1"]
[SourceVersionDate "1992.04.01"]
[SourceQuality "1"]

1. e4 c5 2. Nf3 e6 3. d3 Nc6 4. g3 g6 5. Bg2 Bg7 6. O-O Nge7 7. c3 e5 8. Re1 (
8. a3 $1) 8... O-O 9. a4 d6 10. Na3 h6 11. Bd2 $5 {N} (11. Nc4 Be6 12. a5 Qd7
13. b4 $5 $14 {Balinas-Smejkal, Manila 1981}) (11. Rb1 $6 Bg4 12. h3 Be6 13.
Nc4 a6 $1 14. b4 cxb4 15. cxb4 b5 $15 {Bukhtin-Kapengut, URS 1976}) (11. Nc2 $6
Bg4 12. h3 Be6 13. d4 cxd4 14. cxd4 Bb3 15. Qd3 Bxc2 16. Qxc2 Nxd4 17. Nxd4
exd4 18. Qd2 a5 $17 {Todorcevic-Georgadze, Sebastian op 1991}) 11... Be6 (11...
Bg4 12. h3 Be6) 12. b4 b6 13. Nc4 $2 (13. b5 $1 Na5 14. c4 {/\ Bxa5} Nb7 15. a5
$14) 13... Rc8 {/\ f5} 14. b5 $6 (14. a5 $6 b5 $1 $17 (14... bxa5 15. b5 $14))
(14. Ne3 $6 f5 15. b5 Na5 16. exf5 gxf5 17. c4 e4) (14. Rb1 f5 $15) 14... Bxc4
$1 15. dxc4 (15. bxc6 $2 Bxd3 $19) 15... Na5 16. Ra2 $2 (16. Qe2 Qd7) 16... Qd7
(16... Nxc4 $1) 17. Bc1 (17. Qe2 Qe6 18. Bf1 f5 $17) 17... Nxc4 $19 18. Nd2 (
18. Bf1 Qe6) 18... Na5 19. Nf1 Qe6 20. Rd2 Rcd8 21. Ne3 Nb3 22. Rb2 (22. Rd3 $4
c4 $19) 22... Nxc1 23. Qxc1 f5 24. c4 (24. exf5 gxf5 25. c4 e4) 24... f4 25.
Nd5 Nxd5 26. cxd5 Qg4 27. Qc4 h5 28. Qf1 fxg3 29. hxg3 Bh6 30. Ree2 Rf6 31. Rb3
h4 32. Bh3 Qh5 33. Be6+ Kg7 34. g4 Qg5 35. Rh3 Rdf8 36. Kg2 (36. Qg2 Qc1+ 37.
Qf1 Qc4 38. Rxh4 Bg5 39. Rh2) 36... Rxe6 37. dxe6 Qxg4+ 38. Kh1 Rf3 39. Rh2 (
39. Rxf3 Qxf3+ 40. Kg1 h3 {/\ Bf4,h2-+}) 39... h3 40. e7 Kf7 41. Re1 Kxe7 42.
Qe2 Bf4 43. Rg1 Qh5 44. a5 $2 (44. Rxg6 Bxh2 45. Kxh2 Rxf2+ 46. Qxf2 Qxg6)
44... bxa5 45. b6 axb6 46. Qa6 Rc3 0-1

[Event "New York Reshevsky"]
[Site "New York"]
[Date "1992.??.??"]
[Round "5"]
[White "Dzindzichashvili, Roman"]
[Black "Wolff, Patrick G"]
[Result "1/2-1/2"]
[WhiteElo "2565"]
[BlackElo "2590"]
[Annotator "Horn,Pe"]
[PlyCount "74"]
[EventDate "1992.07.??"]
[EventType "tourn"]
[EventRounds "9"]
[EventCountry "USA"]
[EventCategory "12"]
[SourceTitle "CBM 031"]
[Source "ChessBase"]
[SourceDate "1992.12.01"]
[SourceVersion "1"]
[SourceVersionDate "1992.12.01"]
[SourceQuality "1"]

1. Nf3 c5 2. g3 Nc6 3. Bg2 g6 4. O-O Bg7 5. d3 d6 6. e4 e5 7. a3 Nge7 8. b4 $5
O-O (8... cxb4 9. axb4 Nxb4 10. Ba3 Nbc6 11. Nbd2 {><d6} O-O (11... Be6 12. Ng5
(12. Nc4 Bxc4 13. dxc4 Nc8) 12... O-O 13. Nxe6 fxe6 14. Qg4 Qd7 $13) 12. Nc4 d5
13. exd5 (13. Bxe7 Nxe7 14. Ncxe5 $2 f6) 13... e4 14. dxe4 Bxa1 15. Qxa1 $44)
9. c3 {damit ist wieder eine Normalstellung erreicht} Qd7 (9... h6 {/\ Be6}) (
9... b6) (9... a6) 10. b5 Nd8 11. a4 a6 12. Na3 (12. bxa6 $2 Rxa6) 12... axb5
13. axb5 Ne6 14. Be3 (14. Ng5) (14. Bd2 $5) 14... b6 15. Nc4 Rxa1 16. Qxa1 Qc7
(16... Qxb5 17. Rb1 (17. Qa7 Nc6 18. Qxb6 Qxb6 19. Nxb6 Ba6) 17... Qa6) 17. Ng5
(17. Nfd2) 17... h6 18. Nxe6 Bxe6 19. Qa6 Rb8 20. Bd2 {/\ Ne3+/=} f5 $1 21. Ne3
(21. exf5 Bxf5 (21... gxf5 $5) 22. Nb2 (22. Be4 d5 23. Bxf5 gxf5) 22... d5 23.
c4 e4 24. dxe4 dxe4) 21... f4 22. Nc4 g5 23. Ra1 Kf7 24. Qa7 Qxa7 25. Rxa7 Kf6
26. Bf1 (26. Nxd6 Rd8 {><d3}) 26... Nc8 $10 27. Ra6 Ke7 28. Be2 Bd7 29. Na3 Rb7
30. Kg2 Ra7 31. Rxa7 Nxa7 32. c4 Nc8 33. h3 Bf6 34. Nb1 Kf7 35. Bh5+ Kg7 36.
Nc3 Bd8 37. h4 Ne7 1/2-1/2